000 00687nam a2200253Ia 4500
003 OSt
005 20221005032226.0
006 a|||||r|||| 00| 0
007 ta
008 221004b |||||||| |||| 00| 0 eng d
020 _a0226143163
024 _a76198
037 _cTextual
040 _aCRL
_cCRL
_beng
041 _2eng
_aeng
082 _aR3xN30x, P1
100 _aDerrida Jacques
245 0 _aWork of mourning edited by Pascale-Anne Brault and Michael Naas
260 _aChicago
_bChicago University Press
_c2001
300 _a262p.
_ccm.
650 _aPHILOSOPHY
942 _hR3xN30x, P1
_cTEXL
_2cc
999 _c939291
_d939291